Lima: (Registro nro. 56975)

Detalles MARC
000 -LEADER
campo de control de longitud fija 03351cam a2200469 4500
003 - IDENTIFICADOR DE NÚMERO DE CONTROL
campo de control PE-LiUPU
005 - FECHA Y HORA DE LA ÚLTIMA TRANSACCIÓN
campo de control 20250731183444.0
008 - DATOS DE LONGITUD FIJA--INFORMACIÓN GENERAL
campo de control de longitud fija 150517s2012 rm a rb 001 0 eng d
020 ## - NÚMERO INTERNACIONAL ESTÁNDAR DEL LIBRO
Número Internacional Estándar del Libro 8849222688
020 ## - NÚMERO INTERNACIONAL ESTÁNDAR DEL LIBRO
Número Internacional Estándar del Libro 9788849222685
035 ## - NÚMERO DE CONTROL DEL SISTEMA
Número de control de sistema (Sirsi) i9788849222685
040 ## - FUENTE DE CATALOGACIÓN
Centro catalogador/agencia de origen PE-LiUPU
Lengua de catalogación spa
Normas de descripción PE-LiUPU
-- rda
Centro/agencia transcriptor PE-LiUPU
041 ## - CÓDIGO DE IDIOMA
Código de lengua del texto/banda sonora o título independiente eng
-- ita
-- spa
049 ## - FONDOS LOCALES (OCLC)
Biblioteca depositaria PRUA
082 04 - NÚMERO DE LA CLASIFICACIÓN DECIMAL DEWEY
Número de clasificación 720.98525
Cutter L6
245 00 - MENCIÓN DEL TÍTULO
Título Lima:
Resto del título The Historic Center, Analysis and Restoration = Centro Histórico, Conocimiento y Restauración = Centro Storico Conoscenza e Restauro /
Mención de responsabilidad, etc. editado por Giancarlo Palmerio, Angela Lombardi y Patrizia Montuori
264 #1 - PRODUCCIÓN, PUBLICACIÓN, DISTRIBUCIÓN, FABRICACIÓN Y COPYRIGHT
Producción, publicación, distribución, fabricación y copyright Roma :
Nombre del de productor, editor, distribuidor, fabricante Gangemi Editore,
Fecha de producción, publicación, distribución, fabricación o copyright 2012.
300 ## - DESCRIPCIÓN FÍSICA
Extensión 126 páginas :
Otras características físicas ilulstraciones ;
Dimensiones 30 centímetros
300 ## - DESCRIPCIÓN FÍSICA
Extensión 1CD ROM
336 ## - TIPO DE CONTENIDO
Término de tipo de contenido text
Fuente rdacontent
337 ## - TIPO DE MEDIO
Nombre/término del tipo de medio unmediated
Fuente rdamedia
338 ## - TIPO DE SOPORTE
Nombre/término del tipo de soporte volume
Fuente rdacarrier
504 ## - NOTA DE BIBLIOGRAFÍA, ETC.
Nota de bibliografía, etc. Bibliografía : páginas 124-126.
505 0# - NOTA DE CONTENIDO CON FORMATO
Nota de contenido con formato Contenido del DVD: Traces. Features of the pre-hispanic Settlement of Taulli-Chusco -- Visions. Urban Landscape of the Historic City of Lima -- Voces de la ciudad -- Casa de las Columnas. Desarrollo de un proyecto -- Interactive Plan of the Historic Centre and Case Studies.
505 0# - NOTA DE CONTENIDO CON FORMATO
Nota de contenido con formato La Universidad de Roma Sapienza fomenta la investigación y la conservación del patrimonio arquitectónico mundial -- Formación especializada para la conservación del centro histórico de Lima -- Lima patrimonio mundial -- El World Monuments Fund en Lima -- Primeros resultados de una investigación -- Lima virreinal. Orígenes y desarrollo de una ciudad compleja -- Historia y vestigios prehispánicos en el trazado virreinal de Lima -- El nuevo rostro de la ciudad entre el siglo XIX y XX -- Centro histórico de Lima hoy, Problemas sociales y de conservación -- Identificación y depfensa del patrimonio histórico arquitectónico de la ciudad antigua -- Rehabilitación urbana y conservación en Lima en los últimos noventa años -- Deterioro funcional de los edificios y de los centros antiguos. El caso de Lima -- Metodología de valoración del patrimonio histórico en peligro de Lima -- Consistencia arquitectónica del centros histórico de Lima a través del análisis de casos de estudio -- Casa de las columnas. Rehabilitación social a través de la restauración de un monumento -- Técnicas constructivas tradicionales de Lima -- Degradación y técnicas de conservación de los materiales de construcción tradicionales en Lima.
526 ## - NOTA DE INFORMACIÓN SOBRE EL PROGRAMA DE ESTUDIO
Nombre del programa Maestría Bim Facility Management (A distancia)
526 ## - NOTA DE INFORMACIÓN SOBRE EL PROGRAMA DE ESTUDIO
Nombre del programa
526 ## - NOTA DE INFORMACIÓN SOBRE EL PROGRAMA DE ESTUDIO
Nombre del programa Educación musical y artes
526 ## - NOTA DE INFORMACIÓN SOBRE EL PROGRAMA DE ESTUDIO
Nombre del programa Educación, especialidad educación física
526 ## - NOTA DE INFORMACIÓN SOBRE EL PROGRAMA DE ESTUDIO
Nombre del programa Arquitectura
650 14 - PUNTO DE ACCESO ADICIONAL DE MATERIA--TÉRMINO DE MATERIA
Término de materia o nombre geográfico como elemento de entrada Arquitectura
Subdivisión general Conservación y restauración
Subdivisión geográfica Perú
-- Lima
-- Centro histórico.
650 24 - PUNTO DE ACCESO ADICIONAL DE MATERIA--TÉRMINO DE MATERIA
Término de materia o nombre geográfico como elemento de entrada Espacios públicos
Subdivisión general Conservación y restauración
Subdivisión geográfica Perú
-- Lima
-- Centro histórico.
650 24 - PUNTO DE ACCESO ADICIONAL DE MATERIA--TÉRMINO DE MATERIA
Término de materia o nombre geográfico como elemento de entrada Monumentos
Subdivisión general Conservación y restauración
Subdivisión geográfica Perú
-- Lima
-- Centro histórico.
700 1# - ENTRADA AGREGADA--NOMBRE PERSONAL
Nombre de persona Lombardi, Angela,
Término indicativo de función/relación editor.
700 1# - ENTRADA AGREGADA--NOMBRE PERSONAL
Nombre de persona Montuori, Patrizia,
Término indicativo de función/relación editor.
700 1# - ENTRADA AGREGADA--NOMBRE PERSONAL
Nombre de persona Palmeiro, Giancarlo,
Término indicativo de función/relación editor.
910 ## - DATOS DE OPCIÓN DEL USUARIO (OCLC)
Datos de opción del usuario cce
942 ## - ELEMENTOS DE ENTRADA SECUNDARIOS (KOHA)
Fuente del sistema de clasificación o colocación Clasificación Decimal Dewey
Tipo de ítem Koha
949 ## - PROCESAMIENTO DE INFORMACIÓN LOCAL (OCLC)
a 720.98521 L6
w DEWEY
c 1
i 71070
d 2016-5-25
e 2016-5-22
l CCODEBUL1
m BUL
n 5
p 47.30
r 0
s Y
t BOOK
u 2015-5-18
x INGENIERIA
0 COMPRA
o .STAFF. Colección General
980 ## - EQUIVALENCIA O REFERENCIA-CRUZADA-MENCIÓN DE SERIE--NOMBRE DE PERSONA/TÍTULO [LOCAL, CANADÁ]
ID del último usuario que modificó el registro 1
Nombre del último usuario que modificó el registro ALBERTO SANCHEZ Responsable de Automatización
Existencias
Visto por última vez Número de inventario Total de préstamos Signatura topográfica completa Código de barras Fecha del último préstamo Copia número Coste, precio de reemplazo Fecha de reemplazo Facultad Tipo de ítem Koha Nota pública Estado de pérdida Fuente del sistema de clasificación o colocación Restricciones de uso No para préstamo Colección Programa académico Biblioteca de origen Biblioteca actual Ubicación en estantería Fecha de adquisición Fuente de adquisición Coste, precio normal de compra
2025-12-03 8 12 720.98521 L6 71070 2018-09-04 e1 52.30 2015-05-18 FIA Libros físicos inventario-2023-12-13 No Perdido Clasificación Decimal Dewey No restringido Disponible para préstamos Colección General Arquitectura Biblioteca CRAI UPeU Lima Biblioteca CRAI UPeU Lima Sala principal 2015-05-18 COMPRA 47.30